[Event "11. Lichtenberger Sommer"]
[Site "Berlin"]
[Date "2012.08.18"]
[Round "1.33"]
[White "Simon, Ralf-Axel"]
[Black "Möller, Dustin"]
[Result "1-0"]
[WhiteElo "2153"]
[BlackElo "1838"]
[PlyCount "57"]
[EventDate "2012.??.??"]
[WhiteTeam "TSG Neuruppin"]
[BlackTeam "Eckernförder SC von 1921"]

1. c4 e5 2. Nc3 g6 3. d4 Nc6 4. Nf3 exd4 5. Nxd4 Bg7 6. Nxc6 bxc6 7. g3 Ne7 8.
Bg2 O-O 9. O-O Bb7 10. Qc2 Nf5 11. e3 Qe7 12. b3 Rad8 13. Bb2 d5 14. Rfe1 dxc4
15. bxc4 Nd6 16. Na4 Bxb2 17. Nxb2 Rb8 18. c5 Nf5 19. Rab1 Qe6 20. Nd3 Ne7 21.
Nf4 Qe5 22. Rb4 Ba8 23. Reb1 Rxb4 24. Rxb4 Nd5 25. Rd4 g5 26. Nd3 Qf6 27. Qb3
Kg7 28. Nb4 Nxb4 29. Qxb4 1-0

[Event "11. Lichtenberger Sommer"]
[Site "Berlin"]
[Date "2012.08.18"]
[Round "1.34"]
[White "Meyer, Willfried"]
[Black "Rohde, Wolfgang"]
[Result "0-1"]
[WhiteElo "1807"]
[BlackElo "2185"]
[PlyCount "54"]
[EventDate "2012.??.??"]
[WhiteTeam "SC Zugzwang 95 e.V."]
[BlackTeam "SC Friesen Lichtenberg e.V."]

1. e4 c5 2. Nf3 Nf6 3. Nc3 Nc6 4. Bb5 Nd4 5. Bc4 d6 6. h3 a6 7. a4 e6 8. O-O
Be7 9. d3 O-O 10. Nxd4 cxd4 11. Ne2 e5 12. c3 dxc3 13. bxc3 d5 14. exd5 Nxd5
15. Qb3 Nb6 16. Be3 Nxc4 17. dxc4 Qc7 18. Rfb1 f5 19. Bb6 Qc6 20. c5+ Be6 21.
Qb4 Rf6 22. Re1 f4 23. Nc1 Rg6 24. Qe4 Bd5 25. Qxe5 Bxg2 26. Kh2 Qf3 27. Qf5
Bxh3 0-1

[Event "11. Lichtenberger Sommer"]
[Site "Berlin"]
[Date "2012.08.18"]
[Round "1.35"]
[White "Gelemerov, Yane"]
[Black "Zesewitz, Martin"]
[Result "1-0"]
[WhiteElo "2033"]
[BlackElo "1870"]
[PlyCount "43"]
[EventDate "2012.??.??"]
[WhiteTeam "Pernik"]
[BlackTeam "SF Friedrichshagen"]

1. e4 c6 2. Nc3 e6 3. d4 d5 4. Be2 Nf6 5. Bg5 h6 6. Bxf6 gxf6 7. Bf3 Qb6 8. Rb1
Nd7 9. Nge2 Bd6 10. O-O Qc7 11. Ng3 Nb6 12. Re1 dxe4 13. Ncxe4 Be7 14. Bh5 f5
15. Nc5 Nd5 16. Nxe6 Bxe6 17. Rxe6 O-O-O 18. Re5 f4 19. Ne4 Bd6 20. Nxd6+ Rxd6
21. Qf3 Re6 22. Bg4 1-0

[Event "11. Lichtenberger Sommer"]
[Site "Berlin"]
[Date "2012.08.18"]
[Round "1.37"]
[White "Berndt, Matthias"]
[Black "Schlittermann, Wolfgang"]
[Result "1/2-1/2"]
[WhiteElo "2142"]
[BlackElo "1755"]
[PlyCount "86"]
[EventDate "2012.??.??"]
[WhiteTeam "SC Fulda"]
[BlackTeam "SV Osram e.V."]

1. e4 c5 2. Nc3 e6 3. g3 Nc6 4. Bg2 Nf6 5. f4 d6 6. Nf3 Be7 7. d3 a6 8. O-O O-O
9. h3 Rb8 10. g4 Nd7 11. g5 f6 12. h4 fxg5 13. hxg5 b5 14. Ne2 Qe8 15. Ng3 Bd8
16. c3 Bb6 17. Kh2 Ne7 18. Bh3 Nc6 19. a4 Bc7 20. axb5 axb5 21. Qb3 Nd8 22. Bd2
Nb6 23. Rae1 c4 24. Qc2 cxd3 25. Qxd3 Nc4 26. Bc1 Kh8 27. b3 Na5 28. Nd4 e5 29.
Ndf5 Nxb3 30. Nxd6 Bxd6 31. Qxd6 Bxh3 32. Kxh3 Qe6+ 33. Qxe6 Nxe6 34. f5 Nxc1
35. fxe6 Nd3 36. Rxf8+ Rxf8 37. e7 Re8 38. Rb1 Rxe7 39. Rxb5 g6 40. Rb8+ Kg7
41. Rd8 Nf4+ 42. Kg4 Rc7 43. c4 Rxc4 1/2-1/2

[Event "11. Lichtenberger Sommer"]
[Site "Berlin"]
[Date "2012.08.18"]
[Round "1.38"]
[White "Casny, Guenter"]
[Black "Dimitrijeski, Kristian"]
[Result "0-1"]
[WhiteElo "1860"]
[BlackElo "2165"]
[PlyCount "48"]
[EventDate "2012.??.??"]
[WhiteTeam "SC Rochade e.V."]
[BlackTeam "SK König Tegel 1949 e.V."]

1. e4 e5 2. Nf3 Nc6 3. Bb5 Nf6 4. O-O Be7 5. Bxc6 dxc6 6. Nxe5 Nxe4 7. d3 Nf6
8. Nd2 O-O 9. Ndf3 Ng4 10. h3 Nxe5 11. Nxe5 Be6 12. Bd2 Bd6 13. Bc3 Re8 14. Nf3
Bd5 15. Re1 Rxe1+ 16. Nxe1 f5 17. Qd2 Qh4 18. Qe3 f4 19. Qd4 Qg5 20. Bd2 Re8
21. Kf1 Rxe1+ 22. Kxe1 Be5 23. Qxa7 Qxg2 24. Kd1 Bf3+ 0-1

[Event "11. Lichtenberger Sommer"]
[Site "Berlin"]
[Date "2012.08.18"]
[Round "1.39"]
[White "Major, Vitalij"]
[Black "Prix, Siegfried"]
[Result "1-0"]
[WhiteElo "2147"]
[BlackElo "1800"]
[PlyCount "47"]
[EventDate "2012.??.??"]
[WhiteTeam "SC Zitadelle Spandau 1977 e.V."]
[BlackTeam "Sfrd. Berlin 1903 e.V."]

1. d4 d5 2. c4 c6 3. Nc3 Nf6 4. Bg5 e6 5. e3 Nbd7 6. Nf3 Be7 7. Qc2 O-O 8. h3
h6 9. Bf4 Nb6 10. c5 Nbd7 11. b4 Re8 12. Bd3 Bf8 13. O-O g6 14. b5 Bg7 15. bxc6
bxc6 16. Qa4 Bb7 17. Rab1 Qc8 18. Rxb7 Qxb7 19. Rb1 Qc8 20. Ba6 Qd8 21. Qxc6
Qa5 22. Bb7 Qxc3 23. Bxa8 Nb6 24. cxb6 1-0

[Event "11. Lichtenberger Sommer"]
[Site "Berlin"]
[Date "2012.08.18"]
[Round "1.40"]
[White "Lieder, Günter"]
[Black "Heuser, Philip"]
[Result "1-0"]
[WhiteElo "1862"]
[BlackElo "2147"]
[PlyCount "118"]
[EventDate "2012.??.??"]
[WhiteTeam "SK Turm Bad Hersfeld"]
[BlackTeam "SG Heidelberg-Kirchheim"]

1. e4 c6 2. Nf3 d5 3. exd5 cxd5 4. d4 Bg4 5. Bd3 Nc6 6. c3 e6 7. O-O Bd6 8. h3
Bh5 9. Re1 Qc7 10. Nbd2 Nge7 11. Nf1 O-O-O 12. b4 Kb8 13. Be2 f6 14. a4 Bf7 15.
a5 e5 16. Be3 e4 17. N3d2 f5 18. Nb3 f4 19. b5 fxe3 20. Nxe3 Nxa5 21. Nxa5 Qxc3
22. Qa4 Qb4 23. Qa2 Qxd4 24. Reb1 Rd7 25. Bg4 Rhd8 26. Bxd7 Rxd7 27. Nc6+ Nxc6
28. bxc6 Rc7 29. Rxb7+ Rxb7 30. cxb7 Bc5 31. Rd1 Qe5 32. Qc2 d4 33. Ng4 Qf5 34.
Rc1 h5 35. Qxc5 Qxc5 36. Rxc5 hxg4 37. hxg4 Kxb7 38. Re5 Kc6 39. Rxe4 d3 40.
Rd4 Bg6 41. f4 Kc5 42. Rd7 Kc4 43. Kf2 a5 44. Rxg7 Be8 45. Ke3 Bb5 46. f5 Kc3
47. Rc7+ Bc4 48. f6 d2 49. Rd7 a4 50. Rxd2 a3 51. Rd7 a2 52. Ra7 Kb2 53. g5 Bf7
54. Kf4 Bg6 55. Ke5 a1=Q 56. Rxa1 Kxa1 57. Ke6 Kb2 58. f7 Bxf7+ 59. Kxf7 Kc3
1-0

[Event "11. Lichtenberger Sommer"]
[Site "Berlin"]
[Date "2012.08.18"]
[Round "1.41"]
[White "Sawlin, Leonid"]
[Black "Lübke, Thomas"]
[Result "1-0"]
[WhiteElo "1952"]
[BlackElo "1990"]
[PlyCount "37"]
[EventDate "2012.??.??"]
[WhiteTeam "TuS Makkabi Berlin e.V."]
[BlackTeam "FVS ASP Hoyerswerda"]

1. e4 Nc6 2. Nf3 e5 3. d4 exd4 4. Nxd4 Bc5 5. Nb3 Bb6 6. Nc3 Nge7 7. Qe2 O-O 8.
Be3 d6 9. O-O-O Be6 10. h3 Ne5 11. f4 Nc4 12. Bxb6 Nxb6 13. Nc5 Bc4 14. Qg4
Bxf1 15. Rhxf1 Qc8 16. Qxc8 Rfxc8 17. Nxb7 Nc4 18. Rd4 Nxb2 19. Rb4 1-0

[Event "11. Lichtenberger Sommer"]
[Site "Berlin"]
[Date "2012.08.18"]
[Round "1.42"]
[White "Müller, Johannes"]
[Black "Zschäbitz, Klaus"]
[Result "1-0"]
[WhiteElo "1896"]
[BlackElo "2077"]
[PlyCount "127"]
[EventDate "2012.??.??"]
[WhiteTeam "SC Eintracht Berlin e.V."]
[BlackTeam "BSG 1827 Eckbauer e.V."]

1. e4 e6 2. c3 d5 3. e5 c5 4. d4 Qb6 5. Nf3 Nc6 6. Be2 cxd4 7. cxd4 Nh6 8. Nc3
Nf5 9. Na4 Bb4+ 10. Bd2 Qa5 11. Bc3 b5 12. a3 Bxc3+ 13. Nxc3 b4 14. axb4 Qxb4
15. Qa4 Bd7 16. Qxb4 Nxb4 17. Kd2 Ke7 18. g4 Nh6 19. h3 f6 20. Na4 Bxa4 21.
Rxa4 Rhb8 22. Rc1 Rb7 23. Rc5 Nf7 24. Kc3 Rab8 25. b3 Nd8 26. Nd2 fxe5 27. dxe5
g5 28. Ba6 Rb6 29. Rc7+ Kf8 30. Bd3 Rc6+ 31. Rxc6 Ndxc6 32. Bxh7 Kg7 33. Bc2
Rb5 34. Bb1 a5 35. Nf3 Kh6 36. Kd2 d4 37. Be4 d3 38. Bxc6 Nxc6 39. Nd4 Nxd4 40.
Rxd4 Rxe5 41. Kxd3 Kg6 42. f4 Re1 43. Re4 Rd1+ 44. Kc3 Rc1+ 45. Kb2 Rf1 46.
Rxe6+ Kf7 47. f5 Rf3 48. Rh6 Kg7 49. Rg6+ Kf7 50. Rxg5 Rxh3 51. Rg6 Rf3 52. Ka3
Rf4 53. Ra6 Rxg4 54. Rxa5 Kf6 55. Rc5 Ke7 56. b4 Kd6 57. Ka4 Rf4 58. Ka5 Rf1
59. Kb6 Kd7 60. b5 Kd8 61. Kb7 Rf2 62. b6 Rf1 63. Ra5 Rf2 64. Ka8 1-0

[Event "11. Lichtenberger Sommer"]
[Site "Berlin"]
[Date "2012.08.18"]
[Round "1.43"]
[White "Nötzel, Felix"]
[Black "Schrodt, Horst"]
[Result "1-0"]
[WhiteElo "2107"]
[BlackElo "1730"]
[PlyCount "59"]
[EventDate "2012.??.??"]
[WhiteTeam "Sfrd. Berlin 1903 e.V."]
[BlackTeam "SC Eintracht Berlin e.V."]

1. e4 c6 2. d4 d5 3. Nc3 dxe4 4. f3 exf3 5. Nxf3 Bg4 6. Bc4 e6 7. O-O Nf6 8. h3
Bh5 9. g4 Bg6 10. Qe2 Be7 11. Bg5 Nbd7 12. Rae1 Qc7 13. Qg2 h6 14. Bxf6 Nxf6
15. Ne5 Qb6 16. Nxg6 Qxd4+ 17. Kh1 fxg6 18. Bxe6 g5 19. Qf3 h5 20. gxh5 Rxh5
21. Bf7+ Kxf7 22. Qxh5+ Kg8 23. Qxg5 Qd7 24. Qf5 Rd8 25. Qxd7 Rxd7 26. Rd1 Bb4
27. Ne4 Nd5 28. c4 Re7 29. Ng5 Ne3 30. Rd8+ 1-0

[Event "11. Lichtenberger Sommer"]
[Site "Berlin"]
[Date "2012.08.18"]
[Round "1.44"]
[White "Rauscher, Joachim"]
[Black "Marxen, Peter"]
[Result "0-1"]
[WhiteElo "1866"]
[BlackElo "2140"]
[PlyCount "80"]
[EventDate "2012.??.??"]
[WhiteTeam "SC Brett vor'm Kopp Ffm"]
[BlackTeam "Preetzer TSV"]

1. e4 c5 2. Nf3 Nc6 3. d4 cxd4 4. Nxd4 Nf6 5. Nc3 e6 6. a3 Qc7 7. Nxc6 bxc6 8.
Bd3 d5 9. exd5 exd5 10. O-O Be7 11. Re1 O-O 12. h3 Re8 13. Bg5 Be6 14. Bh4 Qf4
15. Bg3 Qh6 16. Qc1 Qxc1 17. Raxc1 Nh5 18. Bh2 Bg5 19. Rcd1 Nf4 20. Bf1 Bf5 21.
Rxe8+ Rxe8 22. Rd4 Ne6 23. Ra4 Bxc2 24. Rxa7 d4 25. Na2 d3 26. Nc3 Bf6 27. Rd7
Rd8 28. Rxd8+ Bxd8 29. b4 f5 30. Be5 Bb6 31. a4 Nd4 32. a5 Ba7 33. Bc7 Nb5 34.
Nxb5 cxb5 35. Bb6 d2 36. Be2 Bb8 37. a6 Kf7 38. a7 Bxa7 39. Bxa7 f4 40. Kf1 Bd3
0-1

[Event "11. Lichtenberger Sommer"]
[Site "Berlin"]
[Date "2012.08.18"]
[Round "1.45"]
[White "Neumann, Thomas"]
[Black "Engelhardt, Erhard"]
[Result "1-0"]
[WhiteElo "2130"]
[BlackElo "1847"]
[PlyCount "67"]
[EventDate "2012.??.??"]
[WhiteTeam "SC Borussia Friedrichsfelde 1920"]
[BlackTeam "SSV Rotation Berlin e.V."]

1. d4 e6 2. Nf3 b6 3. e4 Bb7 4. Bd3 Ne7 5. O-O Ng6 6. c4 Be7 7. Nc3 O-O 8. a3
d6 9. b4 c5 10. bxc5 dxc5 11. d5 e5 12. Ne2 Bc8 13. Nd2 Qd6 14. Nb1 Na6 15.
Nbc3 Nc7 16. Be3 h6 17. Qd2 Kh7 18. f4 f6 19. Rab1 Nh8 20. Rf2 Nf7 21. Rbf1 Bd7
22. Bc2 g5 23. fxg5 hxg5 24. Ng3 Nh6 25. Ba4 Ng4 26. Bxd7 Qxd7 27. Rf3 Nxe3 28.
Rxe3 Kg6 29. Nf5 Bd6 30. h4 Rh8 31. Rg3 Rh5 32. hxg5 Rxg5 33. Nh4+ Kh5 34. Rxf6
1-0

[Event "11. Lichtenberger Sommer"]
[Site "Berlin"]
[Date "2012.08.18"]
[Round "1.46"]
[White "Herrmann, Eberhard"]
[Black "Zur, Jan"]
[Result "0-1"]
[WhiteElo "1859"]
[BlackElo "2001"]
[PlyCount "52"]
[EventDate "2012.??.??"]
[WhiteTeam "SC Friesen Lichtenberg e.V."]
[BlackTeam "SC Zugzwang 95 e.V."]

1. e4 c5 2. Bc4 Nc6 3. Nf3 Nf6 4. d3 e6 5. Bg5 Be7 6. c3 O-O 7. Nbd2 d5 8. exd5
exd5 9. Bb3 Bf5 10. Bc2 d4 11. c4 Ng4 12. Bf4 Nb4 13. Nb3 Bd6 14. Bxd6 Re8+ 15.
Be5 Nxe5 16. O-O Nxc2 17. Qxc2 Bxd3 18. Qd1 Bxf1 19. Kxf1 b6 20. Nfd2 Qh4 21.
h3 Re6 22. Nf3 Nxf3 23. Qxf3 Rae8 24. Nd2 Rf6 25. g3 Qxh3+ 26. Qg2 Qe6 0-1

[Event "11. Lichtenberger Sommer"]
[Site "Berlin"]
[Date "2012.08.18"]
[Round "1.47"]
[White "Jeremic, Dusan"]
[Black "Kurbel, Horst-Peter"]
[Result "1-0"]
[WhiteElo "2210"]
[BlackElo "1865"]
[PlyCount "39"]
[EventDate "2012.??.??"]
[WhiteTeam "BSC Rehberge 1945 e.V."]
[BlackTeam "FC Bayern München e.V."]

1. e4 c5 2. d4 cxd4 3. c3 dxc3 4. Nxc3 Nc6 5. Nf3 d6 6. Bc4 Nf6 7. O-O a6 8. h3
h6 9. Qe2 e5 10. Re1 Be6 11. Nd5 Na5 12. Bd3 Nc6 13. Bc2 Rc8 14. Be3 Bxd5 15.
exd5 Nb8 16. Bf5 Nbd7 17. Bd4 g6 18. Nxe5 dxe5 19. Bxe5 Qe7 20. d6 1-0

[Event "11. Lichtenberger Sommer"]
[Site "Berlin"]
[Date "2012.08.18"]
[Round "1.48"]
[White "Bandsom, Olaf"]
[Black "Welz, Peter"]
[Result "1/2-1/2"]
[WhiteElo "1800"]
[BlackElo "2140"]
[PlyCount "76"]
[EventDate "2012.??.??"]
[WhiteTeam "SC Friesen Lichtenberg e.V."]
[BlackTeam "SV Empor Berlin e.V."]

1. e4 e6 2. d4 d5 3. Nc3 Bb4 4. exd5 exd5 5. Bd3 Nf6 6. Bg5 c6 7. Nge2 h6 8.
Bh4 Bg4 9. O-O Nbd7 10. a3 Bd6 11. Re1 O-O 12. Qd2 Qc7 13. Bg3 Nh5 14. Bxd6
Qxd6 15. h3 Be6 16. Nd1 Rae8 17. Ne3 Nf4 18. Nxf4 Qxf4 19. Nf1 Qh4 20. Re3 Nf6
21. Rae1 Bd7 22. Rxe8 Rxe8 23. Rxe8+ Bxe8 24. Ng3 g6 25. Qe3 Kg7 26. Qe5 b5 27.
c3 a5 28. Bc2 a4 29. Bd3 h5 30. Be2 Kh6 31. Bxh5 Nxh5 32. Nxh5 Qxh5 33. Qxe8
Qd1+ 34. Kh2 Qc2 35. Qxf7 Qxb2 36. Qf8+ Kh7 37. Qf7+ Kh8 38. Qf8+ Kh7 1/2-1/2

[Event "11. Lichtenberger Sommer"]
[Site "Berlin"]
[Date "2012.08.18"]
[Round "1.49"]
[White "Kapr, Klaus"]
[Black "Boeck, Rüdiger"]
[Result "1-0"]
[WhiteElo "2095"]
[BlackElo "1845"]
[PlyCount "87"]
[EventDate "2012.??.??"]
[WhiteTeam "SC Friesen Lichtenberg e.V."]
[BlackTeam "SC Weisse Dame Ulm e.V."]

1. e4 e5 2. Nf3 Nc6 3. Bb5 a6 4. Ba4 Nf6 5. O-O b5 6. Bb3 Bc5 7. d3 h6 8. Nxe5
Nxe5 9. d4 Bxd4 10. Qxd4 Qe7 11. Bf4 Nc6 12. Qc3 O-O 13. f3 Qd8 14. Nd2 Bb7 15.
e5 Nh7 16. Rad1 Ng5 17. Ne4 Ne6 18. Bxh6 Ncd4 19. Nf6+ Qxf6 20. exf6 Ne2+ 21.
Kh1 Nxc3 22. fxg7 Nxd1 23. gxf8=Q+ Nxf8 24. Rxd1 Re8 25. Kg1 d6 26. Kf2 Ng6 27.
c3 Ne5 28. Bc2 Nc4 29. Rd4 Bc8 30. Rh4 Nxb2 31. Bg5 f5 32. Rf4 Kg7 33. g4 fxg4
34. fxg4 Be6 35. h4 Bxa2 36. h5 Re6 37. Bf5 Nd1+ 38. Kg3 Nxc3 39. Bxe6 Bxe6 40.
Bf6+ Kh6 41. Bxc3 Kg5 42. Bf6+ Kh6 43. Bd8 Kg7 44. Bxc7 1-0

[Event "11. Lichtenberger Sommer"]
[Site "Berlin"]
[Date "2012.08.18"]
[Round "1.50"]
[White "Geißler, Felix"]
[Black "Krefenstein, Sergej"]
[Result "1/2-1/2"]
[WhiteElo "1766"]
[BlackElo "2062"]
[PlyCount "77"]
[EventDate "2012.??.??"]
[WhiteTeam "SC Kreuzberg e.V."]
[BlackTeam "TuS Makkabi Berlin e.V."]

1. e4 c6 2. d4 d5 3. Nc3 e6 4. Nf3 Nf6 5. Bd3 Na6 6. a3 c5 7. Bg5 cxd4 8. Nxd4
Nc7 9. O-O Be7 10. e5 Nd7 11. Bxe7 Qxe7 12. f4 g6 13. Ncb5 Nxb5 14. Nxb5 O-O
15. Nd6 Nc5 16. Be2 b6 17. c4 dxc4 18. Bxc4 Rd8 19. Qf3 Bb7 20. Qh3 Bc6 21. f5
exf5 22. Bxf7+ Kg7 23. Rxf5 Bd7 24. e6 Ne4 25. Nxe4 gxf5 26. Qg3+ Kh6 27. Qh3+
Kg7 28. Qg3+ Kh6 29. Qf4+ Kg7 30. Qe5+ Kh6 31. Qf4+ Kg7 32. Qe5+ Kh6 33. Qf4+
Kg7 34. Qg3+ Kh6 35. Qh3+ Kg7 36. Qc3+ Kh6 37. Qh3+ Kg7 38. Qc3+ Kh6 39. Qh3+
1/2-1/2

[Event "11. Lichtenberger Sommer"]
[Site "Berlin"]
[Date "2012.08.18"]
[Round "1.51"]
[White "Kornrumpf, Joachim"]
[Black "Fischer, Anke"]
[Result "1-0"]
[WhiteElo "2073"]
[BlackElo "1828"]
[PlyCount "79"]
[EventDate "2012.??.??"]
[WhiteTeam "Preetzer TSV"]
[BlackTeam "SG Lasker Steglitz-Wilmersdorf"]

1. b3 d5 2. Bb2 e6 3. e3 Nf6 4. Nf3 Be7 5. c4 O-O 6. Qc2 h6 7. Be2 b6 8. O-O
Bb7 9. d3 Nbd7 10. Nbd2 c5 11. Rac1 Rc8 12. Rfd1 Qc7 13. cxd5 Nxd5 14. a3 Rfd8
15. Qb1 Qb8 16. Bf1 Bf6 17. d4 cxd4 18. Nxd4 Nc5 19. Ba1 a6 20. b4 Na4 21. Ne4
Be7 22. Nf3 b5 23. Bd4 Qa8 24. Nc5 Bxc5 25. bxc5 Nac3 26. Rxc3 Nxc3 27. Bxc3
Rxd1 28. Qxd1 Rxc5 29. Qd4 Rxc3 30. Qxc3 Bxf3 31. gxf3 Qxf3 32. Qc8+ Kh7 33.
Qc2+ Kg8 34. Bg2 Qg4 35. h3 Qh5 36. Qc8+ Kh7 37. Qxa6 Qd1+ 38. Bf1 Qc1 39. Qxb5
Qxa3 40. Qd3+ 1-0

[Event "11. Lichtenberger Sommer"]
[Site "Berlin"]
[Date "2012.08.18"]
[Round "1.53"]
[White "Burger, Heinrich"]
[Black "Jeremic, Nemanja"]
[Result "1-0"]
[WhiteElo "2138"]
[BlackElo "1649"]
[PlyCount "81"]
[EventDate "2012.??.??"]
[WhiteTeam "VfB Hermsdorf e.V."]
[BlackTeam "BSC Rehberge 1945 e.V."]

1. d4 Nf6 2. c4 e6 3. g3 d5 4. Bg2 Be7 5. Nf3 O-O 6. O-O c5 7. cxd5 Nxd5 8. Nc3
Nc6 9. Nxd5 exd5 10. dxc5 Bxc5 11. Qc2 Qa5 12. a3 Ne7 13. Bd2 Qb5 14. Rac1 Bb6
15. Bb4 Bf5 16. Qd2 Rfe8 17. e3 Nc6 18. Bc3 Rad8 19. Nd4 Nxd4 20. Bxd4 Ba5 21.
b4 Bb6 22. Bxb6 Qxb6 23. Rc5 Be4 24. Rd1 Qf6 25. Qd4 Qf5 26. Bxe4 Qxe4 27. Rxd5
Rxd5 28. Qxd5 Qxd5 29. Rxd5 Kf8 30. Kf1 f6 31. Rd7 Rb8 32. Ke2 a6 33. Kd3 b6
34. Kd4 h6 35. h4 Rc8 36. Rd6 Rb8 37. h5 Ke7 38. Kd5 a5 39. b5 Rb7 40. Kc6 Rb8
41. Rd7+ 1-0

[Event "11. Lichtenberger Sommer"]
[Site "Berlin"]
[Date "2012.08.18"]
[Round "1.54"]
[White "Schönemann, Manfred"]
[Black "Rührmund, Daniel"]
[Result "0-1"]
[WhiteElo "1788"]
[BlackElo "2024"]
[PlyCount "98"]
[EventDate "2012.??.??"]
[WhiteTeam "SV Turbine Berlin e.V."]
[BlackTeam "SC Einheit Bautzen"]

1. d4 Nf6 2. c4 e6 3. Nc3 Bb4 4. a3 Bxc3+ 5. bxc3 c5 6. Qc2 O-O 7. e4 d5 8.
cxd5 exd5 9. e5 Re8 10. Be2 Ne4 11. Bd3 Bf5 12. Ne2 c4 13. Bxe4 Bxe4 14. Qb2
Qd7 15. f3 Bg6 16. Nf4 Nc6 17. Nxg6 hxg6 18. O-O Na5 19. Bg5 Nb3 20. Rae1 b5
21. f4 a5 22. Re3 f5 23. Rfe1 Re6 24. Rh3 Rb8 25. Qf2 Qe8 26. Qh4 Kf7 27. Bf6
Qf8 28. Qh7 Qg8 29. Rh6 Qxh7 30. Rxh7 Rg8 31. h3 Rb6 32. g4 Rb7 33. gxf5 gxf5
34. Kf2 Nd2 35. Bh4 Kg6 36. e6 Kxh7 37. Re5 Ne4+ 38. Kf3 Re8 39. e7 Nf6 40.
Bxf6 gxf6 41. Rxf5 Kg6 42. Kg4 Rd7 43. h4 Rexe7 44. h5+ Kf7 45. h6 Kg6 46. Rh5
Rh7 47. f5+ Kf7 48. Rh3 Re7 49. Kh5 Re1 0-1

[Event "11. Lichtenberger Sommer"]
[Site "Berlin"]
[Date "2012.08.18"]
[Round "1.55"]
[White "Püschel, Werner"]
[Black "Schneider, Eckehard"]
[Result "1-0"]
[WhiteElo "2121"]
[BlackElo "1795"]
[PlyCount "69"]
[EventDate "2012.??.??"]
[WhiteTeam "SG Lasker Steglitz-Wilmersdorf"]
[BlackTeam "Sfrd. Berlin 1903 e.V."]

1. e4 e6 2. d3 d5 3. Nd2 c5 4. Ngf3 Nc6 5. c3 Nf6 6. Be2 Be7 7. Qc2 O-O 8. h3
e5 9. O-O Nh5 10. Nxe5 Nf4 11. Ndf3 Nxe2+ 12. Qxe2 Nxe5 13. Nxe5 Be6 14. Re1
Bf6 15. Nf3 Be7 16. Bf4 Rc8 17. d4 c4 18. exd5 Qxd5 19. Qe5 Rfd8 20. Qxd5 Rxd5
21. Re5 Rcd8 22. Rxd5 Rxd5 23. Re1 Kf8 24. Re5 Rd7 25. Re2 Rd5 26. Re5 Rd7 27.
Re2 Rd5 28. Nd2 Rf5 29. Bb8 Ra5 30. a3 Rb5 31. Ne4 Bd5 32. Nd6 Ra5 33. Bc7 Ra6
34. Nf5 Be6 35. Nxe7 1-0

[Event "11. Lichtenberger Sommer"]
[Site "Berlin"]
[Date "2012.08.18"]
[Round "1.56"]
[White "Dittrich, Hans-Georg"]
[Black "Amelang, Thomas"]
[Result "0-1"]
[WhiteElo "1748"]
[BlackElo "2140"]
[PlyCount "64"]
[EventDate "2012.??.??"]
[WhiteTeam "SG Blau-Weiß Stadtilm"]
[BlackTeam "SK Siemens München"]

1. e4 d6 2. d4 g6 3. f4 Bg7 4. Nf3 Nf6 5. Nc3 c6 6. Be2 a6 7. O-O b5 8. a3 Qb6
9. Kh1 d5 10. exd5 cxd5 11. Be3 Bb7 12. Ne5 e6 13. Bf3 Nc6 14. Ne2 a5 15. Ng3
O-O 16. h4 b4 17. h5 Rfc8 18. Qd3 Ba6 19. Qd2 Bxf1 20. Rxf1 Ne7 21. Nd3 bxa3
22. bxa3 Nd7 23. hxg6 hxg6 24. Ne5 Qd6 25. c4 Nxe5 26. fxe5 Qxa3 27. c5 Qa4 28.
Bg5 Qd7 29. Bf6 a4 30. Qg5 Nf5 31. Nh5 Qb5 32. Kg1 Bh6 0-1

[Event "11. Lichtenberger Sommer"]
[Site "Berlin"]
[Date "2012.08.18"]
[Round "1.57"]
[White "Albrecht, Rainer"]
[Black "Koerber, Bernhard"]
[Result "1-0"]
[WhiteElo "2110"]
[BlackElo "1643"]
[PlyCount "47"]
[EventDate "2012.??.??"]
[WhiteTeam "SC Kreuzberg e.V."]
[BlackTeam "SK Zehlendorf e.V."]

1. d4 Nf6 2. c4 g6 3. Nc3 d5 4. e3 Bg7 5. Qb3 c6 6. cxd5 Nxd5 7. Bc4 e6 8. Nf3
O-O 9. O-O Nd7 10. Rd1 N7b6 11. Be2 Qc7 12. a4 a5 13. e4 Nxc3 14. bxc3 Rd8 15.
Rb1 Nd7 16. e5 b6 17. Ng5 Re8 18. Ba3 Qd8 19. Ne4 Bf8 20. Bf3 Bxa3 21. Qxa3 Qc7
22. Qd6 Ra7 23. Rb3 Ba6 24. Qxd7 1-0

[Event "11. Lichtenberger Sommer"]
[Site "Berlin"]
[Date "2012.08.18"]
[Round "1.58"]
[White "Engers, Felix"]
[Black "Gräfe, Charly"]
[Result "1/2-1/2"]
[WhiteElo "1767"]
[BlackElo "1950"]
[PlyCount "152"]
[EventDate "2012.??.??"]
[WhiteTeam "SC Zitadelle Spandau 1977 e.V."]
[BlackTeam "SF Friedrichshagen"]

1. e4 c5 2. c3 d5 3. exd5 Qxd5 4. d4 Nc6 5. Nf3 Bg4 6. Be2 cxd4 7. cxd4 e6 8.
Nc3 Qa5 9. O-O Nf6 10. Be3 Be7 11. Ne5 Bxe2 12. Qxe2 O-O 13. Nc4 Qd8 14. Rfd1
Nb4 15. Bg5 h6 16. Bxf6 Bxf6 17. Qf3 Qc7 18. Ne5 Nc2 19. Nb5 Qa5 20. Rac1 Qxb5
21. Rxc2 Rac8 22. Qe2 Qxe2 23. Rxe2 Rfd8 24. g3 Rd5 25. Nf3 Rc4 26. Red2 Kf8
27. Kf1 Bd8 28. Rd3 Bb6 29. a3 Ke7 30. Ke2 f6 31. b3 Rc2+ 32. R1d2 Rc1 33. Rd1
Rc2+ 34. R1d2 Rc1 35. Rd1 Rxd1 36. Rxd1 Kd6 37. Kd3 g5 38. g4 Kd7 39. Ke4 Bc7
40. h4 Bd6 41. hxg5 hxg5 42. Rh1 Bxa3 43. Rh7+ Be7 44. Nd2 Rb5 45. Kd3 e5 46.
Ne4 Rxb3+ 47. Kc2 Rb4 48. Nxf6+ Kd6 49. Ne8+ Kd7 50. Nf6+ Ke6 51. Rxe7+ Kxf6
52. Rxe5 Rxd4 53. Rf5+ Kg6 54. f3 Rb4 55. Kc3 Rb6 56. f4 gxf4 57. Rxf4 Kg5 58.
Ra4 a6 59. Rd4 Rf6 60. Rd7 b6 61. Rd4 Rf3+ 62. Kb2 Rf4 63. Rd6 Rb4+ 64. Kc3 a5
65. Re6 Kxg4 66. Rf6 Kg5 67. Rf8 Rf4 68. Rd8 Rf6 69. Kc4 Kf5 70. Kb5 Ke5 71.
Rd1 Rd6 72. Rc1 Kd5 73. Rd1+ Ke6 74. Re1+ Kd7 75. Rc1 Re6 76. Rc2 Rd6 1/2-1/2

[Event "11. Lichtenberger Sommer"]
[Site "Berlin"]
[Date "2012.08.18"]
[Round "1.59"]
[White "Kollars, Dmitrij"]
[Black "Wierzbicki, Jirawat"]
[Result "1-0"]
[WhiteElo "1996"]
[BlackElo "1584"]
[PlyCount "81"]
[EventDate "2012.??.??"]
[WhiteTeam "Delmenhorster SK V 1931"]
[BlackTeam "TuS Makkabi Berlin e.V."]

1. e4 e5 2. Nf3 Nc6 3. d4 exd4 4. Nxd4 Nf6 5. Nxc6 bxc6 6. e5 Qe7 7. Qe2 Nd5 8.
c4 Ba6 9. Nd2 g6 10. b3 Bg7 11. Bb2 d6 12. Qe4 Nb6 13. Qxc6+ Qd7 14. Qe4 O-O
15. O-O-O Rae8 16. f4 Qc8 17. c5 Bxf1 18. Rhxf1 Nd7 19. c6 Nc5 20. Qc4 Qe6 21.
Ba3 Rb8 22. Qxe6 fxe6 23. Nc4 Bh6 24. exd6 cxd6 25. Nxd6 Rxf4 26. Rxf4 Bxf4+
27. Kb1 Na6 28. g3 Be5 29. Re1 Bxd6 30. Bxd6 Rc8 31. c7 Kf7 32. Rc1 Ke8 33. Rc6
Nxc7 34. Rxc7 Rxc7 35. Bxc7 Kd7 36. Bf4 Kc6 37. Kc2 Kd5 38. Kd3 h5 39. b4 e5
40. Be3 a6 41. a4 1-0